U.S.A. top ten cities (population) - Statistics

General Stats
  • This quiz has been taken 51 times
  • The average score is 7 of 10
Answer Stats
Population City % Correct
8,550,405 New York
98%
3,971,883 Los Angeles
95%
2,720,546 Chicago
91%
1,300,092 Dallas
84%
2,296,224 Houston
74%
1,394,928 San Diego
74%
1,567,442 Philadelphia
70%
1,563,025 Phoenix
67%
1,469,845 San Antonio
56%
1,026,908 San Jose
30%
No matching quizzes found
Score Distribution
Percent of People with Each Score
Percentile by Number Answered
Your Score History
You have not taken this quiz